| Tag |
First Indicator |
Second Indicator |
Subfields |
| LEADER |
00000cam a2200000 4500 |
| 001 |
in00000008983 |
| 005 |
20151007051443.0 |
| 008 |
781118s1910 xx 00000 eng d |
| 035 |
|
|
|a (OCoLC)04384749
|
| 035 |
|
|
|9 AAA3054AM
|
| 040 |
|
|
|a CLE
|c CLE
|d OCL
|d TXA
|d UtOrBLW
|
| 049 |
|
|
|a TXAM
|c [A12577214]
|
| 050 |
|
4 |
|a SF523
|b .A54 1910
|
| 100 |
1 |
|
|a Alexander, E. W.,
|d -1908.
|
| 245 |
1 |
0 |
|a Alexander's writings on practical bee culture /
|c Ed. and comp. by H. H. Root.
|
| 250 |
|
|
|a 3d ed.
|
| 264 |
|
1 |
|a Medina, O. :
|b The A.I. Root company,
|c 1910.
|
| 300 |
|
|
|a 2 preliminary leaves, 96 pages ;
|c 23 cm.
|
| 336 |
|
|
|a text
|b txt
|2 rdacontent
|
| 337 |
|
|
|a unmediated
|b n
|2 rdamedia
|
| 338 |
|
|
|a volume
|b nc
|2 rdacarrier
|
| 650 |
|
0 |
|a Bees.
|
| 700 |
1 |
|
|a Root, H. H.
|
| 740 |
0 |
|
|a Writings on practical bee culture.
|
| 999 |
|
|
|a MARS
|
| 999 |
f |
f |
|s 11001520-1ffd-3c0d-a646-2a37ab4fdc35
|i 96ed3fa6-6bfd-39a3-a15a-c30b5414751a
|t 0
|
| 952 |
f |
f |
|p ric
|a Texas A&M University
|b Rellis Campus
|c Joint Library Facility
|d Remote Storage
|t 0
|e SF523 .A54 1910
|h Library of Congress classification
|i unmediated -- volume
|m A14812577214
|
| 998 |
f |
f |
|a SF523 .A54 1910
|t 0
|l Remote Storage
|